000 00691nam a2200217 i 4500
001 C2-0310322
003 PPAK
005 20180728101556.0
008 110615s2000 ilu |||| ||||| | eng d
040 _aPPAK
_beng
_cPPAK
_erda
082 0 4 _a423.1
_223
090 0 0 _a423.1
_bDIC
_dRLCK
245 0 0 _aDictionary of confusable words
264 1 _aChicago, Ill. ; London :
_bFitzroy Dearborn Pub. ,
_c2000
300 _aviii, 251 pages ; ;
_c24 cm
336 _2rdacontent
_atext
337 _2rdamedia
_aunmediated
338 _2rdacarrier
_avolume
650 1 0 _aEnglish language Dictionaries. Homonyms. English language Usage. English language Errors of usage.
942 _ddc
_cB
999 _c112779
_d112779